Watchmen and Minutemen Characters Quiz - Statistics

General Stats
  • This quiz has been taken 105 times
    103 since last reset
  • The average score is 10 of 13
Answer Stats
Hint Answer % Correct
Dr. Jon Osterman Dr. Manhattan
98%
Adrien Veidt Ozymandias
96%
Edward Blake Comedian
93%
Hollis Mason Nite Owl 1
93%
Daniel Dreiberg Nite Owl 2
87%
Walter Joseph Kovaks Rorschach
87%
Laurie Juspeczyk Silk Spectre 2
82%
Unknown Hooded Justice
80%
Sally Jupiter Silk Spectre 1
80%
Nelson Gardner Captain Metropolis
64%
Byron Lewis Mothman
63%
William "Bill" Benjamin Brady Dollar Bill
61%
Ursula Zandt Silhouette
43%
No matching quizzes found
Score Distribution
Percent of People with Each Score
Percentile by Number Answered
Your Score History
You have not taken this quiz since the last reset